00265nam a2200097Ia 4500008004100000100002500041245004400066260003300110300000800143650001600151191201s2004 xx 000 0 und d aSINGHAL, Vijay Kumar 0aRapidex Computer Course Window 98/ME/XP aN. DelhibPustak Mahalc2004 a518 aB.Tech(CSE)